000 01166nam0a22003251 4500
001 RU\NLR\A1SV\35928
005 20251203171251.9
035 _a(NLR Aleph) 009718423
090 _a9863980
_c9863980
100 _a19810210d1921 u y0rusy50 ca
101 0 _arus
102 _aRU
200 1 _aПроект обувной фабрики-школы
_fСост. инж.-техн. А.А.Давыдовым и С.С.Розановым
_gОтд. проф.-техн. образования рабочих Главпрофобра. Проф. техн. п./отд. Культотд. ЦК Союза кожевников
210 _aМ.
_cГос. изд.
_d1921
215 _a40 с.
_cтабл.
_d22 см
620 _dМосква
700 1 _aДавыдов
_bА.А.
_f1877-
_gАлексей Алексеевич
_4070
701 1 _aРозанов
_bС.С.
_gСемен Сергеевич
_4070
801 0 _aRU
_bNLR
_c19810210
852 _aNLR
_j37.62.3.289
852 _aNLR
_j34/2946
899 _aБАН
899 _aРКП
899 _aРГБ
899 _aКирОУНБ
899 _aСПбГУ
942 _cBOOK
980 _aNB
980 _aA1SV